A review of federal maritime domain awareness programs : hearing before the Subcommittee on Coast Guard and Maritime Transportation of the Committee on Transportation and Infrastructure, House of Representatives, One Hundred Twelfth Congress, second session, July 10, 2012.

Bibliographic Details
Corporate Author: United States. Congress. House. Committee on Transportation and Infrastructure. Subcommittee on Coast Guard and Maritime Transportation
Format: Government Document eBook
Language:English
Published: Washington : U.S. G.P.O., 2012.
Subjects:
Online Access:https://purl.fdlp.gov/GPO/gpo32320

MARC

Tag First Indicator Second Indicator Subfields
LEADER 00000cam a2200000 a 4500
001 in00002849521
005 20211120170648.0
006 m o d f
007 cr bn||||a||||
008 121217s2012 dcu o f000 0 eng c
035 |a (OCoLC)ocn821640383 
040 |a GPO  |b eng  |c GPO  |d OCLCA  |d OCLCF  |d OCLCO  |d GPO  |d MvI  |d UtOrBLW 
042 |a pcc 
043 |a n-us--- 
049 |a WWW 
050 1 4 |a KF27  |b .P89627 2012f 
074 |a 1024-C-01 (online) 
086 0 |a Y 4.T 68/2:112-92 
110 1 |a United States.  |b Congress.  |b House.  |b Committee on Transportation and Infrastructure.  |b Subcommittee on Coast Guard and Maritime Transportation. 
245 1 2 |a A review of federal maritime domain awareness programs :  |b hearing before the Subcommittee on Coast Guard and Maritime Transportation of the Committee on Transportation and Infrastructure, House of Representatives, One Hundred Twelfth Congress, second session, July 10, 2012. 
264 1 |a Washington :  |b U.S. G.P.O.,  |c 2012. 
300 |a 1 online resource (xi, 24 pages) 
336 |a text  |b txt  |2 rdacontent 
337 |a computer  |b c  |2 rdamedia 
338 |a online resource  |b cr  |2 rdacarrier 
500 |a Title from title screen (viewed on Dec. 17, 2012). 
500 |a Paper version available for sale by the Supt. of Docs., U.S. G.P.O. 
500 |a "112-92." 
500 |a Electronic resource. 
650 0 |a Harbors  |x Security measures  |z United States. 
650 0 |a Ports of entry  |x Security measures  |z United States. 
650 0 |a Navigation  |z United States  |x Safety measures. 
650 0 |a Ships  |x Automatic identification systems  |z United States. 
610 1 0 |a United States.  |b Coast Guard  |x Operational readiness. 
610 1 0 |a United States.  |b Coast Guard  |x Rules and practice. 
610 1 7 |a United States.  |b Coast Guard.  |2 fast  |0 (OCoLC)fst00549578 
650 7 |a Harbors  |x Security measures.  |2 fast  |0 (OCoLC)fst00951305 
650 7 |a Navigation  |x Safety measures.  |2 fast  |0 (OCoLC)fst01035129 
650 7 |a Operational readiness (Military science)  |2 fast  |0 (OCoLC)fst01046384 
650 7 |a Ports of entry  |x Security measures.  |2 fast  |0 (OCoLC)fst01072398 
650 7 |a Ships  |x Automatic identification systems.  |2 fast  |0 (OCoLC)fst01116445 
651 7 |a United States.  |2 fast  |0 (OCoLC)fst01204155 
655 7 |a Rules.  |2 fast  |0 (OCoLC)fst01423857 
776 0 8 |i Print version:  |a United States. Congress. House. Committee on Transportation and Infrastructure. Subcommittee on Coast Guard and Maritime Transportation.  |t Review of federal maritime domain awareness programs  |w (DLC) 2014406022  |w (OCoLC)821629881 
776 0 8 |i Microfiche version:  |a United States. Congress. House. Committee on Transportation and Infrastructure. Subcommittee on Coast Guard and Maritime Transportation.  |t Review of federal maritime domain awareness programs  |w (OCoLC)830541633 
856 4 0 |u https://purl.fdlp.gov/GPO/gpo32320  |t 0 
999 |a MARS 
999 f f |s 6abc3be0-aa53-331c-a1cd-182752a61a37  |i fa654812-b892-3e27-84a0-85e6bc7f02f4  |t 0 
952 f f |a Texas A&M University  |b College Station  |c Electronic Resources  |d Available Online  |t 0  |e Y 4.T 68/2:112-92  |h Superintendent of Documents classification 
998 f f |a Y 4.T 68/2:112-92  |t 0  |l Available Online